Способ улучшения экологических свойств органического топлива; Творчество юных - шаг в успешное будущее

Bibliographic Details
Parent link:Творчество юных - шаг в успешное будущее.— 2015.— [С. 356-358]
Main Author: Еремеева А. М.
Other Authors: Олейник И. Л. (научный руководитель), Кондрашева Н. К.
Summary:Заглавие с титульного экрана
Language:Russian
Published: 2015
Series:Экогеохимия органического топлива и экологические проблемы территорий
Subjects:
Online Access:http://earchive.tpu.ru/handle/11683/15769
Format: Electronic Book Chapter
KOHA link:https://koha.lib.tpu.ru/cgi-bin/koha/opac-detail.pl?biblionumber=617502

MARC

LEADER 00000naa2a2200000 4500
001 617502
005 20231101132949.0
035 |a (RuTPU)RU\TPU\conf\15815 
035 |a RU\TPU\conf\15814 
090 |a 617502 
100 |a 20160310d2015 k y0rusy50 ca 
101 0 |a rus 
102 |a RU 
105 |a y z 101zy 
135 |a drcn ---uucaa 
181 0 |a i  
182 0 |a b 
200 1 |a Способ улучшения экологических свойств органического топлива  |f А. М. Еремеева, И. Л. Олейник  |g науч. рук. Н. К. Кондрашева 
203 |a Текст  |c электронный 
225 1 |a Экогеохимия органического топлива и экологические проблемы территорий 
230 |a 1 компьютерный файл (pdf; 423 Кб) 
300 |a Заглавие с титульного экрана 
320 |a [Библиогр.: с. 357-358 (8 назв.)] 
463 0 |0 (RuTPU)RU\TPU\conf\15338  |t Творчество юных - шаг в успешное будущее  |o материалы VIII Всероссийской научной студенческой конференции с элементами научной школы имени профессора М. К. Коровина, г. Томск, 23-27 ноября 2015 г.  |f Национальный исследовательский Томский политехнический университет (ТПУ) ; под ред. А. Ю. Дмитриева  |v [С. 356-358]  |d 2015 
610 1 |a труды учёных ТПУ 
610 1 |a электронный ресурс 
610 1 |a экологические свойства 
610 1 |a органическое топливо 
610 1 |a нефтеперерабатывающие предприятия 
610 1 |a экологические характеристики 
610 1 |a дизельное топливо 
700 1 |a Еремеева  |b А. М. 
701 1 |a Олейник  |b И. Л. 
702 1 |a Кондрашева  |b Н. К.  |4 727 
801 2 |a RU  |b 63413507  |c 20180216  |g RCR 
856 4 |u http://earchive.tpu.ru/handle/11683/15769 
942 |c BK